[Event "21ème Open de Saint-Affrique"]
[Site "Saint Affrique (11)"]
[Date "2013.07.20"]
[Round "1.1"]
[White "Degraeve, Jean-Marc"]
[Black "Lefeuvre, Yoann"]
[Result "1-0"]
[WhiteElo "2574"]
[BlackElo "1693"]
[PlyCount "51"]
[EventDate "2013.??.??"]

1. e4 e5 2. Nf3 Nc6 3. Bc4 d6 4. O-O Bg4 5. c3 g6 6. h3 Be6 7. Bb5 a6 8. Ba4 b5
9. Bc2 Bg7 10. d4 d5 11. dxe5 Nxe5 12. Nxe5 Bxe5 13. exd5 Bxd5 14. Re1 Qd6 15.
f4 Qc5+ 16. Be3 Qc6 17. fxe5 Bxg2 18. Nd2 Rd8 19. Qg4 Bd5 20. Ne4 h6 21. Rad1
Rb8 22. Rxd5 Qxd5 23. Bb3 Qc6 24. e6 fxe6 25. Qxg6+ Kd8 26. Bxe6 1-0

[Event "21ème Open de Saint-Affrique"]
[Site "Saint Affrique (11)"]
[Date "2013.07.20"]
[Round "1.2"]
[White "Costa, Anthony"]
[Black "Libiszewski, Fabien"]
[Result "0-1"]
[WhiteElo "1684"]
[BlackElo "2523"]
[PlyCount "66"]
[EventDate "2013.??.??"]

1. e4 g6 2. f4 d5 3. e5 c5 4. Nf3 Nc6 5. d4 Bg4 6. dxc5 e6 7. Be3 d4 8. Bf2
Bxc5 9. h3 Bxf3 10. Qxf3 Nge7 11. Bc4 Nf5 12. Nd2 Ne3 13. Bb3 Qa5 14. c3 O-O-O
15. Bxe3 {#} 15... dxc3 16. bxc3 Rd3 17. Bxc5 Rxf3 18. Bb4 Nxb4 19. cxb4 Qxb4
20. gxf3 Rd8 21. Rd1 Qxf4 22. Ne4 Qe3+ 23. Kf1 Qxf3+ 24. Nf2 Qf4 25. Rxd8+ Kxd8
26. Kg2 Qg5+ 27. Kf3 Qxe5 28. Rd1+ Ke7 29. Ba4 b5 30. Bb3 g5 31. Nd3 Qh2 32.
Nf2 h5 33. Rd3 g4+ 0-1

[Event "21ème Open de Saint-Affrique"]
[Site "Saint Affrique (11)"]
[Date "2013.07.20"]
[Round "1.3"]
[White "Flear, Glenn C"]
[Black "Perrin, Alexis"]
[Result "1-0"]
[WhiteElo "2456"]
[BlackElo "1667"]
[PlyCount "45"]
[EventDate "2013.??.??"]

1. d4 d5 2. c4 c6 3. Nc3 Nf6 4. e3 e6 5. Nf3 Bd6 6. Bd3 O-O 7. O-O Nbd7 8. e4
dxe4 9. Nxe4 Nxe4 10. Bxe4 Nf6 11. Bc2 Re8 12. Qd3 Bf8 13. Bg5 g6 14. Rad1 Bg7
15. Ne5 h6 {#} 16. Nxf7 Kxf7 17. Qxg6+ Kf8 18. Bxh6 Qe7 19. Rd3 Bxh6 20. Qxh6+
Qg7 21. Qf4 Re7 22. Rg3 Qf7 23. Qh6+ 1-0

[Event "21ème Open de Saint-Affrique"]
[Site "Saint Affrique (11)"]
[Date "2013.07.20"]
[Round "1.4"]
[White "Leitner, Michael"]
[Black "Milchev, Nikolay"]
[Result "0-1"]
[WhiteElo "1660"]
[BlackElo "2433"]
[PlyCount "114"]
[EventDate "2013.??.??"]

1. d4 Nf6 2. c4 c5 3. d5 b5 4. b3 e6 5. dxe6 fxe6 6. Nf3 bxc4 7. bxc4 Be7 8. g3
Ba6 9. Qa4 O-O 10. Bg2 d5 11. Nbd2 Qe8 12. Qxe8 Rxe8 13. Ne5 Bd6 14. Bb2 Bxe5
15. Bxe5 Nbd7 16. Bxf6 Nxf6 17. O-O Rab8 18. Rab1 dxc4 19. Rfc1 Rxb1 20. Rxb1
c3 21. Ne4 c2 22. Nxf6+ gxf6 23. Rc1 Rb8 24. Rxc2 c4 25. f4 Kf7 26. Kf2 Ke7 27.
Ke3 Kd6 28. g4 h6 29. Be4 Kc5 30. h3 Rb4 31. h4 Rb8 32. g5 hxg5 33. hxg5 Rg8
34. gxf6 Rf8 35. Bh7 Rxf6 36. Ke4 Rh6 37. Bg8 Kd6 38. f5 Rh4+ 39. Ke3 exf5 40.
Kd2 Kc5 41. Kc3 Rh3+ 42. Kb2 Kb4 43. Be6 c3+ 44. Kb1 Rh1+ 45. Rc1 Rxc1+ 46.
Kxc1 f4 47. Bg4 Bc4 48. Kb1 a5 49. Bf3 a4 50. Bg4 Kc5 51. Kc2 Kd4 52. Bf3 Bxa2
53. Bh5 Bb3+ 54. Kb1 Ke3 55. Kc1 a3 56. Kb1 a2+ 57. Ka1 c2 0-1

[Event "21ème Open de Saint-Affrique"]
[Site "Saint Affrique (11)"]
[Date "2013.07.20"]
[Round "1.5"]
[White "Mladenov, Plamen"]
[Black "Robic, Damien"]
[Result "1-0"]
[WhiteElo "2405"]
[BlackElo "1659"]
[PlyCount "45"]
[EventDate "2013.??.??"]

1. e4 e5 2. Nc3 Nf6 3. Nf3 Nc6 4. d4 exd4 5. Nxd4 Bc5 6. Nxc6 bxc6 7. Bd3 O-O
8. O-O d5 9. Bg5 Qd6 10. Bxf6 Qxf6 11. exd5 cxd5 12. Qh5 g6 13. Qxd5 Qb6 14.
Na4 Bxf2+ 15. Rxf2 Qb7 16. Qxb7 Bxb7 17. Nc5 Bd5 18. Nd7 Rfd8 19. Nf6+ Kg7 20.
Nxd5 Rxd5 21. Be4 Rad8 22. Bxd5 Rxd5 23. Re1 1-0

[Event "21ème Open de Saint-Affrique"]
[Site "Saint Affrique (11)"]
[Date "2013.07.20"]
[Round "1.6"]
[White "Del Valle, Clemence"]
[Black "Giroyan, Gary"]
[Result "0-1"]
[WhiteElo "1655"]
[BlackElo "2398"]
[PlyCount "78"]
[EventDate "2013.??.??"]

1. e4 c5 2. Nf3 d6 3. c3 Nf6 4. Bd3 Bg4 5. Bc2 Nc6 6. h3 Bh5 7. d4 cxd4 8. cxd4
Bxf3 9. gxf3 g6 10. Nc3 Bg7 11. d5 Ne5 12. f4 Ned7 13. Qf3 O-O 14. Be3 b5 15.
h4 Rc8 16. Rc1 b4 17. Ne2 Qa5 18. Bb3 Nc5 19. Bxc5 Rxc5 20. O-O h5 21. Nd4 Ng4
22. Nc6 Qc7 23. Qe2 Rxc1 24. Rxc1 Bf6 25. f3 Qb6+ 26. Kg2 Nh6 27. Kh3 Qb7 28.
Qf2 Ra8 29. e5 Bg7 30. Bc2 Qd7+ 31. Kg2 dxe5 32. fxe5 e6 33. Nxb4 exd5 34. Rd1
Bxe5 35. Nxd5 Qb5 36. Bb3 Nf5 37. Rc1 Rd8 38. Rc5 Qb8 39. f4 Bd4 0-1

[Event "21ème Open de Saint-Affrique"]
[Site "Saint Affrique (11)"]
[Date "2013.07.20"]
[Round "1.7"]
[White "Mullon, Jean-Baptiste"]
[Black "Veschambre, Antoine"]
[Result "1-0"]
[WhiteElo "2398"]
[BlackElo "1654"]
[PlyCount "71"]
[EventDate "2013.??.??"]

1. e4 Nf6 2. e5 Nd5 3. d4 d6 4. Nf3 Bg4 5. Be2 c6 6. O-O Bxf3 7. Bxf3 dxe5 8.
dxe5 e6 9. c4 Ne7 10. Qe2 Nd7 11. Bf4 Ng6 12. Bg3 Qc7 13. Re1 Bb4 14. Nc3 O-O
15. h4 Ne7 16. Be4 Nc5 17. Bc2 Rad8 18. Qe3 Qa5 19. h5 h6 20. Bh4 Rd7 21. Bf6
Nf5 22. Qf3 Rd4 23. Rad1 Rxd1 24. Rxd1 Bxc3 25. bxc3 {#} 25... gxf6 26. exf6
Na4 27. Qg4+ Kh8 28. Bxf5 Rg8 29. Bg6 fxg6 30. hxg6 Qg5 31. Qxg5 hxg5 32. g7+
Rxg7 33. fxg7+ Kxg7 34. Rd7+ Kf6 35. Rxb7 Nxc3 36. Rxa7 1-0

[Event "21ème Open de Saint-Affrique"]
[Site "Saint Affrique (11)"]
[Date "2013.07.20"]
[Round "1.8"]
[White "Penalver, Thomas"]
[Black "Scholz, Christian"]
[Result "0-1"]
[WhiteElo "1641"]
[BlackElo "2393"]
[PlyCount "50"]
[EventDate "2013.??.??"]

1. e4 c5 2. Nc3 Nc6 3. d3 g6 4. g3 Bg7 5. Nf3 e6 6. Bg5 Nge7 7. Bg2 d6 8. O-O
h6 9. Bd2 O-O 10. Qc1 Kh7 11. Ne2 b6 12. c3 Ba6 13. Qc2 d5 14. Rfe1 dxe4 15.
dxe4 Bd3 16. Qa4 b5 17. Qa6 b4 18. Qa4 Bxe4 19. Rad1 Qb6 20. Nf4 Bf5 21. Nh4
Bg4 22. f3 Bf5 23. Nxf5 Nxf5 24. Kh1 Rad8 25. Bc1 bxc3 0-1

[Event "21ème Open de Saint-Affrique"]
[Site "Saint Affrique (11)"]
[Date "2013.07.20"]
[Round "1.9"]
[White "Kukov, Velislav"]
[Black "Marie, Olivier"]
[Result "1-0"]
[WhiteElo "2370"]
[BlackElo "1640"]
[PlyCount "63"]
[EventDate "2013.??.??"]

1. d4 c5 2. c3 b6 3. e4 Bb7 4. d5 a5 5. c4 g6 6. Nf3 d6 7. Nc3 Bg7 8. Bd3 e6 9.
dxe6 fxe6 10. Ng5 Bxc3+ 11. bxc3 e5 12. Rb1 Bc8 13. Qb3 h6 14. Nf3 Nd7 15. O-O
g5 16. Qd1 Ne7 17. Bc2 Qc7 18. Ba4 O-O 19. h4 g4 20. Nh2 h5 21. Bg5 Nf6 22. Qd3
Be6 23. Rbd1 Nc8 24. f4 Qg7 25. fxe5 dxe5 26. Bxf6 Rxf6 27. Qd8+ Rf8 28. Rxf8+
Qxf8 29. Qg5+ Qg7 30. Rd8+ Kh7 31. Qxh5+ Qh6 32. Rh8+ 1-0

[Event "21ème Open de Saint-Affrique"]
[Site "Saint Affrique (11)"]
[Date "2013.07.20"]
[Round "1.10"]
[White "Lalot, Hugues"]
[Black "Van Dongen, Patrick"]
[Result "0-1"]
[WhiteElo "1638"]
[BlackElo "2318"]
[PlyCount "66"]
[EventDate "2013.??.??"]

1. d4 f5 2. Nf3 Nf6 3. Bg5 Ne4 4. h4 g6 5. Nbd2 Bg7 6. h5 Nxg5 7. Nxg5 e5 8.
Ngf3 exd4 9. Nb3 c5 10. hxg6 hxg6 11. Rxh8+ Bxh8 12. Qd2 d6 13. e3 dxe3 14.
Qxe3+ Qe7 15. Qxe7+ Kxe7 16. O-O-O Bf6 17. Bc4 Nc6 18. Rh1 Bd7 19. Rh7+ Kd8 20.
Bd5 Rc8 21. c3 Rc7 22. Nbd2 Be8 23. Rxc7 Kxc7 24. Nc4 Ne7 25. Be6 Bc6 26. Ne1
d5 27. Ne3 b5 28. Bf7 Kd6 29. Kd2 a5 30. Nd3 d4 31. cxd4 cxd4 32. Nc2 Bxg2 33.
Nf4 Bg5 0-1

[Event "21ème Open de Saint-Affrique"]
[Site "Saint Affrique (11)"]
[Date "2013.07.20"]
[Round "1.49"]
[White "Laffont, Jean-Christophe"]
[Black "El Mchaouri Mas, Younes"]
[Result "1-0"]
[WhiteElo "1507"]
[BlackElo "1959"]
[PlyCount "43"]
[EventDate "2013.??.??"]

1. Nf3 Nf6 2. Nc3 d5 3. d4 Bf5 4. Bf4 e6 5. a3 c5 6. Nb5 Na6 7. e3 c4 8. Nc3
Qa5 9. Be2 Ne4 10. O-O Nxc3 11. bxc3 Qxc3 12. Ne1 Bxa3 13. g4 Bg6 14. h4 h6 15.
Kg2 Nb4 16. Bd6 Nxc2 {#} 17. Rxa3 Nxa3 18. Qa4+ b5 19. Qa6 f6 20. Qb7 Be4+ 21.
Kg3 Kd8 22. Qc7+ 1-0

[Event "21ème Open de Saint-Affrique"]
[Site "Saint Affrique (11)"]
[Date "2013.07.20"]
[Round "1.53"]
[White "Del Valle, Julie"]
[Black "Lopez, Gerard"]
[Result "1-0"]
[WhiteElo "1499"]
[BlackElo "1933"]
[PlyCount "50"]
[EventDate "2013.??.??"]

1. d4 e6 2. c4 d5 3. Nf3 Nf6 4. Bg5 Be7 5. Nc3 O-O 6. e3 Nbd7 7. cxd5 Nxd5 8.
Bxe7 Qxe7 9. Nxd5 exd5 10. Bd3 Nf6 11. Qb3 c6 12. O-O Ne4 13. Bxe4 Qxe4 14. Ne5
f6 15. Nd3 Qe7 16. Rac1 Bf5 17. Nc5 Rf7 18. Qc3 Re8 19. b4 Qd6 20. a4 a6 21.
Qb3 Bg4 22. Rfe1 Bf5 23. b5 axb5 24. axb5 cxb5 25. Qxb5 Bc8 1-0

[Event "21ème Open de Saint-Affrique"]
[Site "Saint Affrique (11)"]
[Date "2013.07.21"]
[Round "2.1"]
[White "Carno, Matthias"]
[Black "Degraeve, Jean-Marc"]
[Result "0-1"]
[WhiteElo "1923"]
[BlackElo "2574"]
[PlyCount "56"]
[EventDate "2013.??.??"]

1. e4 Nf6 2. e5 Nd5 3. d4 d6 4. exd6 cxd6 5. Bc4 Nb6 6. Bb5+ Nc6 7. d5 a6 8.
Bxc6+ bxc6 9. dxc6 Qc7 10. Qf3 d5 11. Be3 Qxc6 12. Nc3 Bb7 13. Bd4 Nc4 14. b3
Nd6 15. Nge2 e6 16. O-O Nf5 17. Qd3 Rc8 18. Rac1 Ba3 19. Rcd1 O-O 20. Nb1 Be7
21. Rc1 a5 22. Rfe1 Bg5 23. f4 Bh4 24. g3 Be7 25. c3 Ba6 26. Qc2 Bc5 27. Red1
Bxe2 28. Qxe2 Bxd4+ 0-1

[Event "21ème Open de Saint-Affrique"]
[Site "Saint Affrique (11)"]
[Date "2013.07.20"]
[Round "2.2"]
[White "Libiszewski, Fabien"]
[Black "Dubocage, Claude"]
[Result "1-0"]
[WhiteElo "2523"]
[BlackElo "1915"]
[PlyCount "37"]
[EventDate "2013.??.??"]

1. d4 g6 2. c4 Bg7 3. Nf3 d6 4. Nc3 Nf6 5. e4 O-O 6. h3 a5 7. Be3 Na6 8. Be2 c5
9. d5 Bd7 10. Qd2 Nc7 11. Bh6 a4 12. e5 dxe5 13. Nxe5 Re8 14. Bxg7 Kxg7 15. g4
Rb8 16. h4 b5 17. h5 Ng8 18. hxg6 hxg6 {#} 19. Nxf7 1-0

[Event "21ème Open de Saint-Affrique"]
[Site "Saint Affrique (11)"]
[Date "2013.07.21"]
[Round "2.3"]
[White "Aubry, Fabien"]
[Black "Flear, Glenn C"]
[Result "0-1"]
[WhiteElo "1918"]
[BlackElo "2456"]
[PlyCount "74"]
[EventDate "2013.??.??"]

1. d4 d5 2. c4 e6 3. Nc3 c6 4. e3 Nf6 5. Nf3 Nbd7 6. Qc2 Bd6 7. b3 O-O 8. Be2
b6 9. O-O Bb7 10. Bb2 Qe7 11. Rfd1 Rad8 12. Rac1 Rfe8 13. Bd3 h6 14. Re1 c5 15.
cxd5 exd5 16. Bf5 Ne4 17. Bh3 Ndf6 18. Red1 a6 19. Na4 Qc7 20. dxc5 bxc5 21.
Bxf6 gxf6 22. g3 Qa5 23. Nh4 d4 24. exd4 cxd4 25. Rxd4 Ng5 26. Bf1 Re1 27. Rxe1
Qxe1 28. Qf5 Be4 29. Rxe4 Nxe4 30. Kg2 Bf8 31. Bc4 Bg7 32. Ng6 Nxf2 33. Ne7+
Qxe7 34. Qxf2 Qe4+ 35. Kg1 Rd1+ 36. Bf1 f5 37. Nc5 Qd5 0-1

[Event "21ème Open de Saint-Affrique"]
[Site "Saint Affrique (11)"]
[Date "2013.07.21"]
[Round "2.4"]
[White "Milchev, Nikolay"]
[Black "Lafitte, Luc"]
[Result "1-0"]
[WhiteElo "2433"]
[BlackElo "1915"]
[PlyCount "95"]
[EventDate "2013.??.??"]

1. e4 e5 2. Nc3 d6 3. g3 c6 4. Bg2 Be7 5. Nge2 f5 6. exf5 Bxf5 7. d4 Nf6 8. O-O
O-O 9. h3 Nbd7 10. g4 Bg6 11. f4 Rc8 12. Be3 a6 13. Qd2 b5 14. b3 c5 15. dxe5
dxe5 16. Rad1 exf4 17. Nxf4 Ne5 18. Nxg6 Nxg6 19. Bb7 Rc7 20. Qxd8 Rxd8 21.
Rxd8+ Bxd8 22. Bxa6 b4 23. Bc4+ Kh8 24. Na4 Ne4 25. Bd3 Bg5 26. Bxg5 Nxg5 27.
Kg2 Ne6 28. Kg3 Nd4 29. h4 Rc8 30. h5 Ne5 31. Nxc5 g6 32. h6 Kg8 33. Ne4 Nxc2
34. Nf6+ Kh8 35. Bxc2 Rxc2 36. Re1 Rc3+ 37. Kg2 Rc2+ 38. Kf1 g5 39. Nd7 Kg8 40.
Rxe5 Rxa2 41. Rxg5+ Kh8 42. Rb5 Kg8 43. Ne5 Kf8 44. Rxb4 Rh2 45. g5 Rh5 46.
Rb8+ Ke7 47. Rb7+ Ke6 48. Nf3 1-0

[Event "21ème Open de Saint-Affrique"]
[Site "Saint Affrique (11)"]
[Date "2013.07.21"]
[Round "2.5"]
[White "Husson, Cybele"]
[Black "Mladenov, Plamen"]
[Result "0-1"]
[WhiteElo "1915"]
[BlackElo "2405"]
[PlyCount "68"]
[EventDate "2013.??.??"]

1. e4 c5 2. Nc3 Nc6 3. Bb5 Na5 4. d3 a6 5. Ba4 b5 6. Bb3 e6 7. Nf3 Bb7 8. Qe2
d6 9. O-O Nf6 10. Ng5 h6 11. Nh3 Qc7 12. Bd2 Be7 13. Qe1 Qc6 14. f3 c4 15. dxc4
Nxc4 16. a4 O-O 17. Bc1 Nd7 18. Qg3 Kh8 19. Nf2 b4 20. Ne2 Bf6 21. Nd3 Na5 22.
Bxe6 fxe6 23. Nef4 Rfe8 24. Nh5 Bd4+ 25. Kh1 Rg8 26. Qh3 Nf8 27. g4 Qxc2 28.
Ndf4 Nb3 29. g5 Rc8 30. Nf6 Nxa1 31. Nxg8 Qxc1 32. gxh6 Qxf4 33. hxg7+ Kxg7 34.
Ne7 Rc1 0-1

[Event "21ème Open de Saint-Affrique"]
[Site "Saint Affrique (11)"]
[Date "2013.07.21"]
[Round "2.6"]
[White "Giroyan, Gary"]
[Black "Navarro, Robin"]
[Result "1-0"]
[WhiteElo "2398"]
[BlackElo "1909"]
[PlyCount "37"]
[EventDate "2013.??.??"]

1. d4 d5 2. c4 e6 3. Nc3 Nf6 4. cxd5 exd5 5. Bg5 Be7 6. Qc2 c6 7. e3 Bg4 8. Bd3
Nbd7 9. Nge2 Bh5 10. Ng3 Bg6 11. Nf5 Rg8 12. O-O-O Nf8 13. Rhe1 Ne6 14. Bh4 Qc7
15. Nxe7 Qxe7 16. e4 dxe4 17. Bxe4 O-O-O 18. d5 Nc5 19. Bxg6 1-0

[Event "21ème Open de Saint-Affrique"]
[Site "Saint Affrique (11)"]
[Date "2013.07.21"]
[Round "2.7"]
[White "Barthelemy, Guy"]
[Black "Mullon, Jean-Baptiste"]
[Result "0-1"]
[WhiteElo "1912"]
[BlackElo "2398"]
[PlyCount "21"]
[EventDate "2013.??.??"]

1. e4 c5 2. Ne2 Nc6 3. Ng3 g6 4. Nc3 Bg7 5. Bc4 e6 6. d3 Nge7 7. O-O O-O 8. Bg5
h6 9. Be3 d5 10. exd5 exd5 11. Bxc5 0-1

[Event "21ème Open de Saint-Affrique"]
[Site "Saint Affrique (11)"]
[Date "2013.07.21"]
[Round "2.8"]
[White "Scholz, Christian"]
[Black "Sterck, Arno"]
[Result "1-0"]
[WhiteElo "2393"]
[BlackElo "1850"]
[PlyCount "53"]
[EventDate "2013.??.??"]

1. e4 c5 2. Nf3 g6 3. c4 Bg7 4. d4 Qb6 5. Nc3 Nc6 6. Nd5 Qd8 7. Bf4 Qa5+ 8. Qd2
Nb4 9. Rc1 d6 10. a3 Nc6 11. Qxa5 Nxa5 12. Nc7+ Kd8 13. Nxa8 Nb3 14. Rd1 Nxd4
15. e5 Bg4 16. Rxd4 cxd4 17. exd6 Bxf3 18. gxf3 exd6 19. Bxd6 Nh6 20. Nc7 Nf5
21. c5 Nxd6 22. cxd6 Be5 23. Bc4 Bxd6 24. Nb5 Re8+ 25. Kd2 Bc5 26. b4 Bb6 27.
Nd6 1-0

[Event "21ème Open de Saint-Affrique"]
[Site "Saint Affrique (11)"]
[Date "2013.07.21"]
[Round "2.9"]
[White "Tholey, Jean-Paul"]
[Black "Kukov, Velislav"]
[Result "0-1"]
[WhiteElo "1901"]
[BlackElo "2370"]
[PlyCount "50"]
[EventDate "2013.??.??"]

1. d4 Nf6 2. c4 Nc6 3. Nf3 e6 4. Nc3 Bb4 5. Qc2 d6 6. Bf4 O-O 7. a3 Bxc3+ 8.
Qxc3 a5 9. e3 Re8 10. Rd1 Qe7 11. Be2 e5 12. dxe5 dxe5 13. Bg3 Bg4 14. Qc2 a4
15. O-O Bh5 16. Nh4 Bxe2 17. Qxe2 Qe6 18. Nf3 Ra5 19. Qc2 h6 20. Rd2 Rea8 21.
h3 Rc5 22. b3 axb3 23. Qxb3 Na5 24. Qb4 Rxc4 25. Qb5 Ne4 0-1

[Event "21ème Open de Saint-Affrique"]
[Site "Saint Affrique (11)"]
[Date "2013.07.21"]
[Round "2.10"]
[White "Van Dongen, Patrick"]
[Black "Grosse, Ludovic"]
[Result "1-0"]
[WhiteElo "2318"]
[BlackElo "1842"]
[PlyCount "87"]
[EventDate "2013.??.??"]

1. e4 c5 2. Nf3 d6 3. d4 cxd4 4. Qxd4 Nc6 5. Bb5 Bd7 6. Bxc6 Bxc6 7. c4 Nf6 8.
Nc3 g6 9. O-O Bg7 10. Qd3 O-O 11. Be3 Rc8 12. Rfe1 Qa5 13. Bd4 Rfd8 14. a3 Bd7
15. Rac1 Be6 16. Nd5 Nxd5 17. exd5 Bf5 18. Qe3 Bxd4 19. Nxd4 Bd7 20. h3 Qb6 21.
b3 Re8 22. Rcd1 Qc5 23. a4 Kg7 24. Qc3 Kg8 25. Qd2 Kg7 26. Re4 h6 27. Rde1 e5
28. dxe6 Bxe6 29. Nxe6+ Rxe6 30. Rxe6 fxe6 31. Rxe6 Rf8 32. Re7+ Rf7 33. Rxf7+
Kxf7 34. Qxh6 Qb4 35. Qe3 a6 36. g3 Kg7 37. Qd4+ Kh7 38. Qd3 Qc5 39. h4 Qe5 40.
Kg2 Kg7 41. Qd5 Qe7 42. Qd3 Qe5 43. Qe3 Qf6 44. Qg5 1-0

[Event "21ème Open de Saint-Affrique"]
[Site "Saint Affrique (11)"]
[Date "2013.07.21"]
[Round "2.13"]
[White "Collas, Silvia"]
[Black "Rabier, Jean"]
[Result "1-0"]
[WhiteElo "2275"]
[BlackElo "1823"]
[PlyCount "25"]
[EventDate "2013.??.??"]

1. c4 d6 2. Nc3 e5 3. g3 f5 4. d4 Be7 5. Bg2 c6 6. e4 Nf6 7. Nge2 O-O 8. exf5
Bxf5 9. h3 Bg6 10. O-O Nbd7 11. b3 exd4 12. Nxd4 Nb6 13. Ne6 1-0

[Event "21ème Open de Saint-Affrique"]
[Site "Saint Affrique (11)"]
[Date "2013.07.21"]
[Round "2.17"]
[White "Ouakhir, Mehdi"]
[Black "Forest, Eric"]
[Result "1-0"]
[WhiteElo "2202"]
[BlackElo "1799"]
[PlyCount "39"]
[EventDate "2013.??.??"]

1. d4 d5 2. c4 c5 3. dxc5 d4 4. Nf3 Nc6 5. a3 Qa5+ 6. b4 Qd8 7. e3 Bg4 8. Be2
e5 9. Nxd4 Bxe2 10. Nxe2 Qxd1+ 11. Kxd1 f5 12. Bb2 Nf6 13. f3 e4 14. Kc2 O-O-O
15. Nd2 Be7 16. Rad1 Rd3 17. Nf4 Rxe3 18. Nf1 g5 19. Nxe3 gxf4 20. Nxf5 1-0

[Event "21ème Open de Saint-Affrique"]
[Site "Saint Affrique (11)"]
[Date "2013.07.21"]
[Round "2.20"]
[White "Schrefheere, Anthime"]
[Black "Mania, Clement"]
[Result "0-1"]
[WhiteElo "1805"]
[BlackElo "2174"]
[PlyCount "46"]
[EventDate "2013.??.??"]

1. e4 g6 2. d4 Bg7 3. Nf3 d6 4. Nc3 a6 5. Be3 Nd7 6. Bc4 e6 7. Bg5 Ne7 8. Qd2
h6 9. Bh4 O-O 10. O-O-O b5 11. Bb3 Bb7 12. d5 e5 13. a4 Nc5 14. Qe2 b4 15. Bxe7
Qxe7 16. Na2 a5 17. Nd2 Ba6 18. Qe3 Qd7 19. c3 Rfb8 20. Bc4 Bxc4 21. Nxc4 b3
22. Nb4 axb4 23. f3 bxc3 0-1

[Event "21ème Open de Saint-Affrique"]
[Site "Saint Affrique (11)"]
[Date "2013.07.21"]
[Round "2.21"]
[White "Malka, Samuel"]
[Black "Nassar, Christophe"]
[Result "0-1"]
[WhiteElo "2169"]
[BlackElo "1774"]
[PlyCount "110"]
[EventDate "2013.??.??"]

1. d4 Nf6 2. c4 g6 3. Nc3 Bg7 4. e4 d6 5. Nf3 O-O 6. Be2 e5 7. Be3 Ng4 8. Bg5
Qe8 9. Nd5 Qd7 10. Ne7+ Kh8 11. Nxc8 Qxc8 12. d5 f5 13. Nd2 Nf6 14. f3 a5 15.
Be3 Na6 16. O-O b6 17. Qc2 f4 18. Bf2 Nc5 19. b3 g5 20. a3 h5 21. b4 Nb7 22.
Rfc1 axb4 23. axb4 c5 24. dxc6 Qxc6 25. Nb3 g4 26. c5 gxf3 27. Bxf3 Rxa1 28.
Rxa1 bxc5 29. bxc5 dxc5 30. Rc1 Rc8 31. Qc4 Nd6 32. Qxc5 Qxc5 33. Rxc5 {#}
33... Rb8 34. Bd1 Nfxe4 35. Ra5 Nxf2 36. Kxf2 Nc4 37. Ra1 Ne3 38. Nc5 e4 39.
Rc1 Nxd1+ 40. Rxd1 Rb2+ 41. Kf1 e3 42. Re1 Bc3 43. Nd3 Rd2 44. Nxf4 Rf2+ 45.
Kg1 Rxf4 46. Re2 Bd4 47. g3 Rf2 48. Rxf2 exf2+ 49. Kg2 Kg7 50. h3 Kf6 51. g4
hxg4 52. hxg4 Kg5 53. Kf1 Kxg4 54. Ke2 Kg3 55. Kf1 Kh2 0-1

[Event "21ème Open de Saint-Affrique"]
[Site "Saint Affrique (11)"]
[Date "2013.07.21"]
[Round "2.64"]
[White "Marie, Olivier"]
[Black "Soreda, Elisa"]
[Result "0-1"]
[WhiteElo "1640"]
[BlackElo "1476"]
[PlyCount "132"]
[EventDate "2013.??.??"]

1. e4 e5 2. d4 exd4 3. c3 dxc3 4. Bc4 Qf6 5. Nxc3 Bc5 6. Nf3 h6 7. Nd5 Qd8 8.
Bf4 d6 9. b4 Bb6 10. O-O Nf6 11. Nxf6+ Qxf6 12. Bg3 O-O 13. e5 dxe5 14. Bxe5
Qg6 15. Bg3 Nc6 16. Bd3 Qe6 17. b5 Nb4 18. Re1 Qd7 19. Bc4 Qxd1 20. Raxd1 a6
21. bxa6 Nxa6 22. Ne5 Nb4 23. Re2 Be6 24. Bxe6 fxe6 25. Rdd2 Rad8 26. h3 Nd5
27. Rb2 Nc3 28. Rec2 Nd1 29. Rb3 Rf5 30. Nf3 Rf7 31. Re2 Re7 32. Kf1 g5 33. Be5
Kf7 34. g4 Red7 35. Bg3 Re7 36. h4 Kg6 37. Ne5+ Kf6 38. Nd3 Red7 39. Ne1 Rg8
40. Rf3+ Ke7 41. Nd3 Nc3 42. Rc2 Ne4 43. Ne5 Nxg3+ 44. fxg3 Rd5 45. Rf7+ Ke8
46. Re2 Rxe5 47. Rxe5 Kxf7 48. hxg5 hxg5 49. Rb5 Kf6 50. a4 Ra8 51. Rb4 Ra6 52.
Ke2 c5 53. Rb5 Ba7 54. a5 b6 55. axb6 Bxb6 56. Kd3 Ke5 57. Kc4 Kd6 58. Rb2 Ra4+
59. Kc3 Ba5+ 60. Kd3 Rxg4 61. Ra2 c4+ 62. Kc2 Bb6 63. Ra3 Bc5 64. Rf3 Ke5 65.
Kc3 Kd5 66. Kd2 Bd6 0-1

[Event "21ème Open de Saint-Affrique"]
[Site "Saint Affrique (11)"]
[Date "2013.07.22"]
[Round "3.2"]
[White "Miellet-Bensan, Yves"]
[Black "Libiszewski, Fabien"]
[Result "0-1"]
[WhiteElo "2159"]
[BlackElo "2523"]
[PlyCount "58"]
[EventDate "2013.??.??"]

1. e4 g6 2. Nc3 Bg7 3. f4 c6 4. Bc4 b5 5. Bb3 b4 6. Nce2 d5 7. exd5 cxd5 8. a3
bxa3 9. Rxa3 Nh6 10. Ba4+ Bd7 11. Ng3 Nc6 12. Nf3 Qb6 13. Rb3 Qc7 14. Bxc6 Bxc6
15. d4 O-O 16. f5 Ba4 17. Rc3 Qb6 18. O-O Rac8 19. Rxc8 Rxc8 20. Rf2 Nxf5 21.
Nxf5 gxf5 22. Qd3 e6 23. c3 Qb3 24. Qe3 Qd1+ 25. Rf1 Qc2 26. Ng5 Bb5 27. Re1
Bd3 28. Nxf7 Be4 29. Re2 Qd1+ 0-1

[Event "21ème Open de Saint-Affrique"]
[Site "Saint Affrique (11)"]
[Date "2013.07.22"]
[Round "3.3"]
[White "Flear, Glenn C"]
[Black "Youssoupov, Moisse"]
[Result "1-0"]
[WhiteElo "2456"]
[BlackElo "2146"]
[PlyCount "73"]
[EventDate "2013.??.??"]

1. d4 Nf6 2. c4 c5 3. d5 e6 4. Nc3 exd5 5. cxd5 d6 6. e4 g6 7. Bd3 a6 8. a4 Bg7
9. h3 O-O 10. Nf3 Re8 11. O-O c4 12. Bxc4 Nxe4 13. Nxe4 Rxe4 14. Bg5 f6 15. Bd3
{#} 15... fxg5 16. Bxe4 Qf6 17. Rc1 Nd7 18. Bb1 g4 19. hxg4 Nf8 20. Rc4 Bd7 21.
b3 b5 22. Re4 bxa4 23. bxa4 Rc8 24. Nd4 Qh4 25. g3 Qh3 26. g5 Rc3 27. Ne2 Ra3
28. Rh4 Be5 29. Rxh3 Bxh3 30. Re1 Bg4 31. Be4 Nd7 32. Qc1 Rxa4 33. Qc8+ Kf7 34.
f3 Bh3 35. Kh2 Bf5 36. Bxf5 Rh4+ 37. Kg2 1-0

[Event "21ème Open de Saint-Affrique"]
[Site "Saint Affrique (11)"]
[Date "2013.07.22"]
[Round "3.4"]
[White "Clement, Olivier"]
[Black "Milchev, Nikolay"]
[Result "1/2-1/2"]
[WhiteElo "2064"]
[BlackElo "2433"]
[PlyCount "104"]
[EventDate "2013.??.??"]

1. e4 e5 2. Nf3 Nc6 3. Bb5 Nge7 4. O-O g6 5. c3 a6 6. Ba4 Bg7 7. d4 exd4 8.
cxd4 b5 9. Bb3 O-O 10. Nc3 d6 11. h3 Na5 12. Bc2 c5 13. dxc5 dxc5 14. Qxd8 Rxd8
15. Be3 Nb7 16. Rfd1 Be6 17. Ng5 Bc4 18. Bb3 Nc6 19. Bxc4 bxc4 20. Na4 Rab8 21.
Rxd8+ Nbxd8 22. Rc1 Rb4 23. b3 cxb3 24. axb3 Rxb3 25. Nxc5 Ra3 26. Nb7 Ra1 27.
Rxa1 Bxa1 28. Nc5 a5 29. Nf3 f6 30. Nd2 Bc3 31. Ndb3 Nf7 32. Kf1 Nd6 33. Ke2
Kf7 34. Bd2 Bxd2 35. Nxd2 f5 36. Kd3 Kf6 37. f4 fxe4+ 38. Ndxe4+ Nxe4 39. Kxe4
Nd8 40. g4 h6 41. h4 Nf7 42. Kd5 h5 43. Ne4+ Ke7 44. gxh5 gxh5 45. f5 a4 46.
f6+ Kf8 47. Kc4 Ne5+ 48. Kb4 Kf7 49. Ng3 Kxf6 50. Nxh5+ Kf5 51. Kxa4 Kg4 52.
Nf6+ Kxh4 1/2-1/2

[Event "21ème Open de Saint-Affrique"]
[Site "Saint Affrique (11)"]
[Date "2013.07.22"]
[Round "3.5"]
[White "Mladenov, Plamen"]
[Black "Ringuet, Noe"]
[Result "1-0"]
[WhiteElo "2405"]
[BlackElo "2055"]
[PlyCount "61"]
[EventDate "2013.??.??"]

1. d4 Nf6 2. c4 g6 3. Nc3 d5 4. Nf3 Bg7 5. h4 O-O 6. h5 {#} 6... c5 7. hxg6
fxg6 8. cxd5 Qa5 9. Qb3 cxd4 10. Nxd4 Na6 11. Bd2 Qc5 12. e3 Ng4 13. Ne4 Qb6
14. Qxb6 axb6 15. Bc4 Ne5 16. Bb3 Nc5 17. Nxc5 bxc5 18. d6+ c4 19. dxe7 Re8 20.
Bc2 Rxe7 21. Bc3 Bd7 22. a3 Rf7 23. f3 Re8 24. O-O-O b5 25. Be4 Rf6 26. Ne2 Bf5
27. Bd5+ Kh8 28. Nf4 Rd6 29. e4 Bc8 30. Kc2 Nd7 31. Bf7 1-0